Antropología Estructural

Guardat en:
Dades bibliogràfiques
Autor principal: Levi Strauss, Claude
Format: Text
Publicat: La Habana: Editorial de Ciencias Sociales
Etiquetes: Afegir etiqueta
Sense etiquetes, Sigues el primer a etiquetar aquest registre!

MARC

LEADER 00000 a a2200000 04500
001 24438
003
040 |a CRAI/IIS  |c CRAI/IIS 
090 |a 166800  
100 |a Levi Strauss, Claude  
245 |a Antropología Estructural  
260 |a La Habana:   |b Editorial de Ciencias Sociales  
300 |a 371 p.   |b **no definido**   |b il.  
999 |c 7554  |d 7554